| 000 | 00646nam a22002297a 4500 | ||
|---|---|---|---|
| 001 | 7990 | ||
| 003 | FISKH | ||
| 005 | 20250818101208.0 | ||
| 008 | 250818b cb ||||| |||| 00| 0 eng d | ||
| 020 | _a9780761143727 | ||
| 040 |
_aFISKH _beng _cFISKH _dFISKH |
||
| 050 | _aPZ8.B7 Y | ||
| 082 | _a813.6 | ||
| 100 | _aBoynton, Sandra | ||
| 245 |
_aYour personal penguin / _cby Sandra Boynton |
||
| 260 |
_aNew Yrrk : _bWorkman Publishing, _c2006. |
||
| 300 |
_a20 unnumbered pages : _bcolor illustrations ; _c16 cm |
||
| 505 | _aNP | ||
| 520 | _aPenguin wants nothing more than to be Hippo's friend. | ||
| 942 |
_2ddc _cBK _n0 |
||
| 999 |
_c7990 _d7990 |
||